[Event "Medellin de La Raza U2000 op"]
[Site "Medellin"]
[Date "2023.10.16"]
[Round "8"]
[White "Torres Sanchez, Juan Camilo"]
[Black "Sanchez Navarrete, Sonia Ximena"]
[Result "1-0"]
[WhiteElo "1600"]
[BlackElo "1626"]
[PlyCount "89"]
[EventDate "2023.10.12"]
[EventType "swiss"]
[EventRounds "9"]
[EventCountry "COL"]
[SourceTitle "Mega2024 Update 01"]
[Source "Chessbase"]
[SourceDate "2023.11.12"]
[SourceVersion "1"]
[SourceVersionDate "2023.11.12"]
[SourceQuality "1"]

1. Nf3 Nf6 2. c4 g6 3. Nc3 Bg7 4. g3 d6 5. Bg2 0-0 6. 0-0 e5 7. e4 Nc6 8. h3 a6 9. a4 Be6 10. d3 h6 11. Be3 Qd7 12. Kh2 Ne8 13. Nd5 Ne7 14. Rb1 f5 15. Nh4 Bxd5 16. cxd5 f4 17. Bd2 Kh7 18. b3 c5 19. Bf3 Bf6 20. Bg4 Qd8 21. Rg1 Bxh4 22. gxh4 Ng8 23. h5 Kg7 24. Bf5 g5 25. h4 Qf6 26. hxg5 hxg5 27. Qf3 Kh6 28. Rg2 Ne7 29. Be6 Nc7 30. Bh3 Rg8 31. Rbg1 Rg7 32. Ba5 Rc8 33. Bxc8 Nxc8 34. Bxc7 Rxc7 35. Rxg5 Qxg5 36. Rxg5 Kxg5 37. Kh3 Ne7 38. Qg4+ Kh6 39. Kh4 b5 40. Qg5+ Kh7 41. h6 Ng6+ 42. Kh5 Nf8 43. axb5 axb5 44. Qf6 Rd7 45. Qxf8 1-0

[Event "COL-ch School U17 Girls"]
[Site "Bogota"]
[Date "2014.11.17"]
[Round "5.2"]
[White "Fiesco, Valentina"]
[Black "Sanchez Navarrete, Sonia Ximena"]
[Result "1-0"]
[WhiteElo "1867"]
[BlackElo "1775"]
[PlyCount "37"]
[EventDate "2014.11.14"]
[EventType "swiss"]
[EventRounds "6"]
[EventCountry "COL"]
[SourceTitle "EXT 2024"]
[Source "ChessBase"]
[SourceDate "2023.10.10"]
[SourceVersion "1"]
[SourceVersionDate "2023.10.10"]
[SourceQuality "1"]

1. d4 Nf6 2. c4 e5 3. d5 Bc5 4. e3 0-0 5. Ne2 d6 6. Ng3 Nbd7 7. Nc3 Re8 8. Bd3 Nf8 9. 0-0 Ng6 10. Bd2 Bd7 11. Qc2 Rc8 12. Nce4 c6 13. b4 Nxe4 14. Nxe4 cxd5 15. bxc5 dxe4 16. Bxe4 Bc6 17. Bf5 Nh4 18. Bxh7+ Kh8 19. Be4 1-0

[Event "COL-ch School U17 Girls"]
[Site "Bogota"]
[Date "2014.11.15"]
[Round "2.2"]
[White "Sanchez Navarrete, Sonia Ximena"]
[Black "Velasquez, Angie Gabriela"]
[Result "0-1"]
[WhiteElo "1775"]
[BlackElo "1755"]
[PlyCount "96"]
[EventDate "2014.11.14"]
[EventType "swiss"]
[EventRounds "6"]
[EventCountry "COL"]
[SourceTitle "EXT 2024"]
[Source "ChessBase"]
[SourceDate "2023.10.10"]
[SourceVersion "1"]
[SourceVersionDate "2023.10.10"]
[SourceQuality "1"]

1. e4 c5 2. Nf3 d6 3. d4 cxd4 4. Nxd4 Nf6 5. Nc3 g6 6. Be3 Bg7 7. f3 0-0 8. Qd2 Nc6 9. Bc4 Bd7 10. 0-0-0 Rc8 11. Bb3 Ne5 12. g4 Nc4 13. Bxc4 Rxc4 14. h4 h5 15. g5 Nh7 16. Qd3 Rc5 17. Ne6 Rxc3 18. Qxc3 Bxe6 19. Bd4 Bxd4 20. Qxd4 a6 21. Kb1 b5 22. Qa7 Qa5 23. b3 Re8 24. Qd4 Qc7 25. Rhf1 Rd8 26. f4 Bh3 27. Rf2 Bg4 28. Rdd2 e6 29. Rd3 d5 30. Rc3 Qb7 31. Rd2 b4 32. Rg3 Nf8 33. Qg1 Qc7 34. Qe3 dxe4 35. Rgg2 Bf3 36. Rxd8 Qxd8 37. Rd2 Qc7 38. Qd4 a5 39. Qf6 e3 40. Rd8 e2 41. Rxf8+ Kxf8 42. Qh8+ Ke7 43. Qf6+ Ke8 44. Qh8+ Kd7 45. Qd4+ Bd5 46. Qe3 e1Q+ 47. Qxe1 Qxf4 48. Qg1 Qc7 0-1

[Event "Bogota Superate Intercol Adv-B (Women)"]
[Site "Bogota"]
[Date "2014.10.28"]
[Round "7.4"]
[White "Rocha, Angelly"]
[Black "Sanchez Navarrete, Sonia Ximena"]
[Result "0-1"]
[WhiteElo "1494"]
[BlackElo "1761"]
[PlyCount "69"]
[EventDate "2014.10.28"]
[EventType "swiss (blitz)"]
[EventRounds "8"]
[EventCountry "COL"]
[SourceTitle "EXT 2024"]
[Source "ChessBase"]
[SourceDate "2023.10.10"]
[SourceVersion "1"]
[SourceVersionDate "2023.10.10"]
[SourceQuality "1"]

1. e4 c5 2. Nf3 d6 3. d4 cxd4 4. Nxd4 Nf6 5. Nc3 a6 6. Be2 e6 7. Be3 Be7 8. f4 Qc7 9. g4 0-0 10. g5 Ne8 11. Rg1 Nc6 12. Nxc6 bxc6 13. Qd2 d5 14. 0-0-0 Rb8 15. b3 Ba3+ 16. Kb1 c5 17. exd5 c4 18. Bxc4 Qxc4 19. dxe6 Bxe6 20. Qd4 Qxd4 21. Bxd4 Nc7 22. Be5 Rbc8 23. Rgf1 Nb5 24. Nxb5 axb5 25. f5 Rc5 26. Bd6 Rxf5 27. Rxf5 Bxf5 28. Bxf8 Bxf8 29. Rd8 g6 30. Kb2 Kg7 31. c4 bxc4 32. bxc4 Be7 33. Rd2 Bxg5 34. a4 Bxd2 35. a5 0-1

[Event "Bogota Superate Intercol Adv-B (Women)"]
[Site "Bogota"]
[Date "2014.10.28"]
[Round "3.1"]
[White "Salcedo, Jackeline"]
[Black "Sanchez Navarrete, Sonia Ximena"]
[Result "1-0"]
[WhiteElo "2082"]
[BlackElo "1761"]
[PlyCount "67"]
[EventDate "2014.10.28"]
[EventType "swiss (blitz)"]
[EventRounds "8"]
[EventCountry "COL"]
[SourceTitle "EXT 2024"]
[Source "ChessBase"]
[SourceDate "2023.10.10"]
[SourceVersion "1"]
[SourceVersionDate "2023.10.10"]
[SourceQuality "1"]

1. c4 c5 2. Nf3 Nc6 3. d4 cxd4 4. Nxd4 d6 5. Nc3 Nf6 6. e4 e5 7. Nc2 Be7 8. Be3 0-0 9. Be2 Qc7 10. 0-0 a6 11. f3 Rd8 12. Rc1 b5 13. cxb5 axb5 14. Bxb5 Rb8 15. a4 Bd7 16. Na3 Re8 17. Nd5 Nxd5 18. exd5 Qb7 19. dxc6 Bxc6 20. Bxc6 Qxb2 21. Nc4 Qb4 22. Bxe8 Rxe8 23. a5 Rc8 24. Qd5 Bd8 25. Qxd6 Qxd6 26. Nxd6 Ra8 27. Rc8 Rxc8 28. Nxc8 g6 29. a6 Kg7 30. a7 f5 31. a8Q f4 32. Qb7+ Kh6 33. Bd2 Bf6 34. g3 1-0

[Event "Bogota Superate Intercol Adv-B (Women)"]
[Site "Bogota"]
[Date "2014.10.28"]
[Round "2.4"]
[White "Sanchez Navarrete, Sonia Ximena"]
[Black "Martinez, Claudia Marcela"]
[Result "1-0"]
[WhiteElo "1761"]
[BlackElo "1607"]
[PlyCount "77"]
[EventDate "2014.10.28"]
[EventType "swiss (blitz)"]
[EventRounds "8"]
[EventCountry "COL"]
[SourceTitle "EXT 2024"]
[Source "ChessBase"]
[SourceDate "2023.10.10"]
[SourceVersion "1"]
[SourceVersionDate "2023.10.10"]
[SourceQuality "1"]

1. e4 e5 2. Nf3 Nc6 3. Bc4 h6 4. Nc3 Bb4 5. d3 Bxc3+ 6. bxc3 d6 7. h3 Nf6 8. 0-0 Bd7 9. Re1 Qe7 10. Qe2 Na5 11. Bb3 0-0 12. d4 b6 13. dxe5 dxe5 14. Bd2 Rad8 15. c4 c5 16. Bxa5 bxa5 17. Rad1 Bc6 18. c3 Nxe4 19. Rxd8 Rxd8 20. Qc2 Ng5 21. Rxe5 Qf6 22. Nxg5 hxg5 23. Rxc5 Re8 24. Qf5 Qxf5 25. Rxf5 Re1+ 26. Kh2 Rc1 27. Rxa5 Rxc3 28. Rxa7 Be4 29. Re7 f5 30. c5+ Kf8 31. Rf7+ Ke8 32. Rxg7 Rxc5 33. Rxg5 Ke7 34. f3 Bb7 35. a4 Ba6 36. Rg7+ Kf6 37. Ra7 Be2 38. Rb7 Ba6 39. Rb6+ 1-0

[Event "Bogota Superate Intercol Adv-B (Women)"]
[Site "Bogota"]
[Date "2014.10.26"]
[Round "4.4"]
[White "De la Ossa, Valentina"]
[Black "Sanchez Navarrete, Sonia Ximena"]
[Result "0-1"]
[WhiteElo "1586"]
[BlackElo "1766"]
[PlyCount "34"]
[EventDate "2014.10.25"]
[EventType "swiss (rapid)"]
[EventRounds "6"]
[EventCountry "COL"]
[SourceTitle "EXT 2024"]
[Source "ChessBase"]
[SourceDate "2023.10.10"]
[SourceVersion "1"]
[SourceVersionDate "2023.10.10"]
[SourceQuality "1"]

1. e4 c5 2. Nc3 d6 3. f3 Nf6 4. d3 a6 5. Bd2 Nc6 6. a3 e6 7. Be2 Be7 8. g4 0-0 9. Nh3 e5 10. g5 Ne8 11. f4 Bxh3 12. fxe5 dxe5 13. Rg1 f5 14. Bf3 f4 15. Rb1 Bxg5 16. b4 Bh4+ 17. Ke2 Nd4# 0-1

[Event "Bogota Superate Intercol Adv (Women)"]
[Site "Bogota"]
[Date "2014.10.25"]
[Round "2.3"]
[White "Torres Cardenas, Laura"]
[Black "Sanchez Navarrete, Sonia Ximena"]
[Result "1/2-1/2"]
[WhiteElo "1416"]
[BlackElo "1775"]
[PlyCount "81"]
[EventDate "2014.10.25"]
[EventType "swiss"]
[EventRounds "5"]
[EventCountry "COL"]
[SourceTitle "EXT 2024"]
[Source "ChessBase"]
[SourceDate "2023.10.10"]
[SourceVersion "1"]
[SourceVersionDate "2023.10.10"]
[SourceQuality "1"]

1. e4 c5 2. Nf3 d6 3. d4 cxd4 4. Nxd4 Nf6 5. Nc3 a6 6. f4 e6 7. Qf3 Be7 8. Bd3 0-0 9. Be3 Nc6 10. Nxc6 bxc6 11. e5 Nd5 12. Nxd5 cxd5 13. 0-0 Qc7 14. Qg3 Rb8 15. b3 dxe5 16. fxe5 Bc5 17. Kh1 Bxe3 18. Qxe3 Qe7 19. Rf3 f5 20. Raf1 Bb7 21. Rg3 Rf7 22. Qd2 Rbf8 23. Rgf3 d4 24. R3f2 g5 25. Kg1 f4 26. Be2 Qc5 27. Bh5 Rg7 28. Re1 Rc8 29. Bg4 Bd5 30. Rd1 Rgc7 31. Qxd4 Qxd4 32. Rxd4 Rxc2 33. Rdd2 Rxd2 34. Rxd2 Rc3 35. Rf2 Kg7 36. Bf3 Bxf3 37. Rxf3 Rc5 38. g3 Rxe5 39. gxf4 Rf5 40. Rg3 h6 41. h4 1/2-1/2

[Event "Bogota U16"]
[Site "Bogota"]
[Date "2014.05.18"]
[Round "5.4"]
[White "Sanchez Navarrete, Sonia Ximena"]
[Black "Baron, Maria Camila"]
[Result "1-0"]
[WhiteElo "1643"]
[BlackElo "1622"]
[PlyCount "30"]
[EventDate "2014.05.16"]
[EventType "swiss"]
[EventRounds "5"]
[EventCountry "COL"]
[SourceTitle "EXT 2024"]
[Source "ChessBase"]
[SourceDate "2023.10.10"]
[SourceVersion "1"]
[SourceVersionDate "2023.10.10"]
[SourceQuality "1"]

1. e4 d5 2. Nc3 dxe4 3. Nxe4 Nd7 4. Nf3 Ngf6 5. Ng3 e6 6. d4 Be7 7. Bd3 b6 8. 0-0 Bb7 9. Re1 Nd5 10. c3 N7f6 11. Qc2 Qd6 12. Ne5 Rf8 13. a3 Nd7 14. Ne4 Qxe5 15. dxe5 Nxe5 1-0

[Event "Bogota IRT Categoria B U17 Girls"]
[Site "Bogota"]
[Date "2013.10.22"]
[Round "2.4"]
[White "Aguas Cardenas, Darley"]
[Black "Sanchez Navarrete, Sonia Ximena"]
[Result "1/2-1/2"]
[WhiteElo "1758"]
[BlackElo "1675"]
[PlyCount "118"]
[EventDate "2013.10.22"]
[EventType "swiss"]
[EventRounds "5"]
[EventCountry "COL"]
[SourceTitle "EXT 2024"]
[Source "ChessBase"]
[SourceDate "2023.10.10"]
[SourceVersion "1"]
[SourceVersionDate "2023.10.10"]
[SourceQuality "1"]

1. d4 Nf6 2. Nf3 d6 3. e3 Nbd7 4. Bd3 e5 5. dxe5 dxe5 6. Bc4 Bd6 7. Nc3 a6 8. a3 0-0 9. 0-0 h6 10. Ne2 e4 11. Nd2 Nb6 12. Ng3 Ng4 13. Be2 Qh4 14. Bxg4 Bxg4 15. f3 exf3 16. Nxf3 Bxf3 17. Qxf3 Nc4 18. Qe4 Bxg3 19. Qxh4 Bxh4 20. Rf4 Nxe3 21. Bxe3 Bg5 22. Rf3 Bxe3+ 23. Rxe3 Rfe8 24. Rae1 Kf8 25. Kf2 Rad8 26. Rxe8+ Rxe8 27. Rd1 f6 28. Rd3 Re6 29. Rc3 c6 30. Rb3 b5 31. Rc3 Ke7 32. b4 Kd7 33. h3 Re5 34. Kf3 Kd6 35. Kf2 c5 36. Rg3 g5 37. c3 c4 38. Rf3 f5 39. g3 h5 40. g4 fxg4 41. hxg4 h4 42. Rf6+ Re6 43. Rf5 Rg6 44. Kg2 Ke6 45. Kh2 Rf6 46. Rxg5 Rf2+ 47. Kh3 Rf3+ 48. Kxh4 Rxc3 49. Rg6+ Kd5 50. Rxa6 Rc1 51. Rb6 Ke4 52. Rxb5 Kf4 53. Rf5+ Ke4 54. Kg5 c3 55. Rc5 c2 56. Kg6 Kd3 57. g5 Ra1 58. Kg7 Rxa3 59. Rxc2 Kd4 1/2-1/2

[Event "COL-ch Superate-A (Women)"]
[Site "Bogota"]
[Date "2012.12.08"]
[Round "3.2"]
[White "Viveros Torres, Erica Johana"]
[Black "Sanchez Navarrete, Sonia Ximena"]
[Result "1/2-1/2"]
[WhiteElo "1501"]
[BlackElo "1572"]
[PlyCount "131"]
[EventDate "2012.12.07"]
[EventType "swiss"]
[EventRounds "7"]
[EventCountry "COL"]
[SourceTitle "EXT 2024"]
[Source "ChessBase"]
[SourceDate "2023.10.10"]
[SourceVersion "1"]
[SourceVersionDate "2023.10.10"]
[SourceQuality "1"]

1. e4 c5 2. Nf3 d6 3. c3 Nf6 4. Bd3 a6 5. Bc2 Nc6 6. d3 e6 7. 0-0 Be7 8. Re1 Qc7 9. Nbd2 0-0 10. Nf1 b5 11. Ng3 Bb7 12. d4 c4 13. e5 Nd7 14. Qe2 Rad8 15. Qe4 g6 16. exd6 Bxd6 17. Qh4 Bxg3 18. hxg3 Rfe8 19. Qh6 Ne7 20. Ng5 Nf8 21. Bf4 Qc6 22. Be4 Nd5 23. Be5 f6 24. Bxg6 hxg6 25. Re4 Qd7 26. Bd6 fxg5 27. Bxf8 Rxf8 28. Qxg6+ Qg7 29. Qxe6+ Qf7 30. Qh6 Ne7 31. Qxg5+ Ng6 32. Rf4 Qg7 33. Rg4 Bc8 34. Re4 Qf6 35. Qxf6 Rxf6 36. Rae1 Kf7 37. f3 Re6 38. Rxe6 Bxe6 39. Kf2 Re8 40. f4 Bd5 41. Rxe8 Kxe8 42. f5 Ne7 43. g4 Kf7 44. Kg3 Kf6 45. Kh4 Bxg2 46. Kg3 Bd5 47. Kf4 Nc6 48. g5+ Kg7 49. f6+ Kg6 50. a3 Nd8 51. Ke5 Bg8 52. Kd6 Kxg5 53. Ke7 Nf7 54. Kf8 Kxf6 55. Kxg8 Nd6 56. Kf8 Ne4 57. Ke8 Ke6 58. Kd8 Nf2 59. Kc7 Nd1 60. Kb6 Nxb2 61. Kxa6 Nd1 62. Kxb5 Kd5 63. Kb4 Ne3 64. a4 Nc2+ 65. Kb5 Na3+ 66. Kb4 1/2-1/2